The provincial deputacion in Mexico : Harbinger of provincial autonomy, independence, and fedetalism / (Record no. 69751)

MARC details
000 -LEADER
fixed length control field 00753cam a2200217 4500
008 - FIXED-LENGTH DATA ELEMENTS--GENERAL INFORMATION
fixed length control field 1992 a spa
020 ## - INTERNATIONAL STANDARD BOOK NUMBER
International Standard Book Number 0-292-76531-2
050 #4 - LIBRARY OF CONGRESS CALL NUMBER
Classification number JL1298
Item number .8 B45 1992
100 1# - MAIN ENTRY--PERSONAL NAME
Personal name Beson, Nettie Lee
245 #4 - TITLE STATEMENT
Title The provincial deputacion in Mexico : Harbinger of provincial autonomy, independence, and fedetalism /
Statement of responsibility, etc by Nettie Lee Benson.
260 ## - PUBLICATION, DISTRIBUTION, ETC. (IMPRINT)
Place of publication, distribution, etc Austin, Texas :
Name of publisher, distributor, etc University of Texas Press,
Date of publication, distribution, etc 1992
300 ## - PHYSICAL DESCRIPTION
Extent xiii, 225 p. ;
Dimensions 23 cm.
440 #0 - SERIES STATEMENT/ADDED ENTRY--TITLE
Title Special publication
504 ## - BIBLIOGRAPHY, ETC. NOTE
Bibliography, etc Bibliografia: p. 201-211
504 ## - BIBLIOGRAPHY, ETC. NOTE
Bibliography, etc Incluye apendice e indice
650 #4 - SUBJECT ADDED ENTRY--TOPICAL TERM
Topical term or geographic name as entry element Gobierno federal
General subdivision Historia
Geographic subdivision Mexico
650 #4 - SUBJECT ADDED ENTRY--TOPICAL TERM
Topical term or geographic name as entry element Gobierno estatal
General subdivision Historia
Geographic subdivision México
942 ## - ADDED ENTRY ELEMENTS (KOHA)
Source of classification or shelving scheme Biblioteca del Cogreso de los Estados Unidos
Koha item type Libro
Holdings
Estado de pérdida Fuente de clasificación Estado del daño No para préstamo Ubicación permanente Ubicación actual Apartado o colección Fecha de adquisición Área del conocimiento Clasificación Código de Barras Date last seen Número de copia Tipo de recurso
  Biblioteca del Cogreso de los Estados Unidos     Biblioteca del Instituto de Investigaciones Históricas Biblioteca del Instituto de Investigaciones Históricas General 27/11/2018 Ciencias Sociales y Administrativas JL1298.8 B45 1992 IIH000026818 27/11/2018 C:1 Libro